| 000 | 00576nam a22001937a 4500 | ||
|---|---|---|---|
| 008 | 150612b xxu||||| |||| 00| 0 eng d | ||
| 020 | _a3822803960 (Leineneinband) | ||
| 020 | _a3822891290 (Ledereinband) | ||
| 041 | 0 | _aeng | |
| 080 | _a79.071 | ||
| 100 | _aWalther, Ingo F. | ||
| 245 | 0 | 0 |
_aVincent van Gogh : _cIngo F. Walther, Rainer Metzger. |
| 260 |
_aKöln : _bB. Taschen, _cc1994. |
||
| 300 |
_a95 f. : _bme il. : _c37 cm. |
||
| 650 | 0 | _aImpressionism (Art) | |
| 650 | 0 | _aImpresionizëm (Art) | |
| 700 | 1 | _aMetzger, Rainer | |
| 942 |
_2udc _cBK |
||
| 999 |
_c1044 _d1044 |
||